• 首页
  • 本馆介绍
  • 公告通知
  • 最新文献
  • 馆藏检索
  • 电子资源
  • 读者导购
  • 参考咨询
  • 我的图书馆
  • 登录
  • 详细信息显示
  • 放入我的书架
  • 预约/预借图书
  • 作者相关作品
  • 分类相关作品
  • 丛书相关作品
  • 出版社相关作品

书目信息

  • 表格格式
  • 工作单格式
  • 卡片格式
题名:
编辑与评论
    
 
作者: 蒋元椿 著 ;中国社会科学研究生院新闻系 编
分册:  
出版信息: 北京   人民日报出版社  1984
页数: 357页
开本: 19cm
丛书名:
单 册:
中图分类: G213
科图分类:
主题词: 编辑工作 , 评论-新闻 , 新闻-评论
电子资源:
ISBN:
000 00789nam0 2200265 45
001 0184014113
005 20070726101541.95
010    @dCNY1.35
091    @aCN@b3132.048
100    @a19950428d1984 em y0chiy0121 ea
101 0  @achi
102    @aCN@b110000
105    @ay z 000yy
200 10 @a编辑与评论@Abian ji yu ping lun@f蒋元椿等著@Fjiang yuan chun deng zhu@g中国社会科学研究生院新闻系编
210    @a北京@c人民日报出版社@d1984
215    @a357页@d19cm
606    @a编辑工作
606    @a评论-新闻
606    @a新闻-评论
690    @aG213@v3
701  0 @a蒋元椿@Ajiang yuan chun@4著
712 02 @a中国社会科学研究生院新闻系@Azhong guo she hui ke xue yan jiu sheng yuan xin wen xi@4编
801  2 @aCN@bNLC@c20070726
801  0 @aCN@bTSSF
905    @a10447@dG213@e249
    
    编辑与评论/蒋元椿等著/中国社会科学研究生院新闻系编.-北京:人民日报出版社,1984
    357页;19cm
    
    
    ISBN :CNY1.35
    
●
相关链接 在E读中查询图书 在五车中查询图书 在当当中查询图书 在豆瓣中查询图书


正题名:编辑与评论     索取号:G213/249         预约/预借

序号 登录号 条形码 馆藏地/架位号 状态 备注
1 0769644   207696448   第一样本阅览室/ [索取号:G213/249] 在馆    
唐山师范学院图书馆 欢迎您!
大连网信软件有限公司© 版权所有